| 000 | 00270 a2200121 4500 | ||
|---|---|---|---|
| 999 |
_c321545 _d321545 |
||
| 001 | 86472 | ||
| 003 | NUST | ||
| 005 | 20180122153006.0 | ||
| 008 | 180122b xxu||||| |||| 00| 0 eng d | ||
| 082 | _a398.2 HAI | ||
| 100 |
_aSajjad Haider _99506 |
||
| 245 |
_aWarain _hUrdu |
||
| 260 |
_aIslamabad _bLok Virsa Islamabad _c1987 |
||
| 300 | _a142p. | ||
| 942 |
_aAHQ _cBK _k398.2 HAI _2ddc |
||